SIRENS - Travis Scott Lyrics - Statistics

General Stats
  • This quiz has been taken 32 times
  • The average score is 98 of 262
Answer Stats
Answer % Correct
,
100%
I
89%
a
74%
the
74%
the,
74%
the—
74%
to
74%
we
74%
We
74%
in
67%
it
63%
got
59%
was
59%
when
59%
festival
56%
my
56%
no
56%
too
56%
and
52%
at
52%
damn
52%
determined,
52%
do
52%
he
52%
need
52%
out,
52%
out
52%
up
52%
Up
52%
up,
52%
all
48%
All
48%
You
48%
you
48%
room
44%
2
41%
attention
41%
me
41%
Now
41%
now
41%
this
41%
your
41%
afternoon
37%
back
37%
Back
37%
be
37%
Devil,
37%
fuck
37%
of
37%
on
37%
reason
37%
She
37%
two
37%
two,
37%
A.M.
33%
as
33%
both
33%
couple
33%
demons
33%
department
33%
gotta
33%
Gotta
33%
it's
33%
It's
33%
refurbish
33%
service,
33%
that
33%
they
33%
They
33%
verses
33%
with
33%
Can't
30%
can't
30%
down
30%
meet
30%
never
30%
playin'
30%
right
30%
still
30%
wanna
30%
Diva
26%
from
26%
know
26%
lurkin',
26%
Soon
26%
urges
26%
bad
22%
bushes,
22%
detail
22%
get
22%
juggle
22%
live,
22%
needed
22%
purpose,
22%
them
22%
things
22%
top
22%
call
19%
Cancun
19%
for
19%
give
19%
how
19%
How
19%
like
19%
outside,
19%
prequel,
19%
Sun
19%
There
19%
watch
19%
beatin'
15%
by
15%
By
15%
closet
15%
leavin'
15%
locked
15%
lot
15%
might
15%
people
15%
smile
15%
sneak
15%
sometimes
15%
that's
15%
Yeah,
15%
Clock
11%
Colgate
11%
couldn't
11%
credit
11%
cup
11%
days
11%
denial
11%
departments,
11%
evenin',
11%
gon'
11%
insurgence
11%
lotta
11%
quiet
11%
silent
11%
Three
11%
way
11%
whole
11%
wide
11%
wild
11%
Bourbon
7%
built
7%
hustle
7%
inside,
7%
Mariposa,
7%
point
7%
remember
7%
Vile
7%
yell
7%
before
4%
doom
4%
Double
4%
Festie-vial
4%
festie-viel
4%
He-ell
4%
just
4%
more
4%
One
4%
sermons
4%
time
4%
ain't
0%
come
0%
Foo,
0%
foo
0%
rentin'
0%
resize
0%
rockin'
0%
venue,
0%
"Vroom"
0%
Zoom's
0%
No matching quizzes found
Score Distribution
Percent of People with Each Score
Percentile by Number Answered
Your Score History
You have not taken this quiz